000 00299nam a22001337a 4500
008 181105b xxu||||| |||| 00| 0 eng d
020 _a9780195118506
041 _aeng
080 _a573
100 _a11
101 _aBIO
245 _aStructural Biology Of Viruses
_cChiu.W
942 _2udc
_cBK
999 _c51790
_d51790